000 00435nam a2200169Ia 4500
005 20260330112734.0
008 260330s9999||||xx |||||||||||||| ||und||
020 _a9788434411
041 _aspa
100 _aFernando Savater
245 0 _aLas Preguntas De La Vida /
_cFernando Savater
250 _a1 ed.
260 _aBarcelona, España :
_bEditorial Ariel, S.A.
_c1999
300 _a286 p.
650 _aFILOSOFÍA
942 _cBK
999 _c2950
_d2950